Sarvepalli Radhakrishanan : (Record no. 51231)
[ view plain ]
| 000 -LEADER | |
|---|---|
| fixed length control field | 00559 a2200193 4500 |
| 041 ## - LANGUAGE CODE | |
| Language code of text/sound track or separate title | Eng |
| 082 ## - DEWEY DECIMAL CLASSIFICATION NUMBER | |
| Classification number | 923.154 |
| Item number | Ag15s |
| 100 ## - MAIN ENTRY--PERSONAL NAME | |
| Personal name | Agarwal Sudarsan ,ed. |
| 9 (RLIN) | 11467 |
| 245 ## - TITLE STATEMENT | |
| Title | Sarvepalli Radhakrishanan : |
| Remainder of title | a commemorative volume 1888-1988. |
| 260 ## - PUBLICATION, DISTRIBUTION, ETC. | |
| Place of publication, distribution, etc. | New Delhi : |
| Name of publisher, distributor, etc. | Prentice-Hall of India, |
| Date of publication, distribution, etc. | c1988. |
| 300 ## - PHYSICAL DESCRIPTION | |
| Extent | xxvi, 150p. |
| 650 ## - SUBJECT ADDED ENTRY--TOPICAL TERM | |
| Topical term or geographic name entry element | Life history |
| 9 (RLIN) | 11368 |
| 650 ## - SUBJECT ADDED ENTRY--TOPICAL TERM | |
| Topical term or geographic name entry element | Heads of state |
| 9 (RLIN) | 11468 |
| 650 ## - SUBJECT ADDED ENTRY--TOPICAL TERM | |
| Topical term or geographic name entry element | Political life |
| 9 (RLIN) | 7469 |
| 650 ## - SUBJECT ADDED ENTRY--TOPICAL TERM | |
| Topical term or geographic name entry element | Political leadership |
| 9 (RLIN) | 1465 |
| 653 ## - INDEX TERM--UNCONTROLLED | |
| Uncontrolled term | Biographies |
| 942 ## - ADDED ENTRY ELEMENTS (KOHA) | |
| Source of classification or shelving scheme | Dewey Decimal Classification |
| Koha item type | General Collections |
| 518 ## - DATE/TIME AND PLACE OF AN EVENT NOTE | |
| -- | 2067-10-2 |
| Withdrawn status | Lost status | Source of classification or shelving scheme | Damaged status | Not for loan | Home library | Current library | Date acquired | Total Checkouts | Full call number | Barcode | Date last seen | Price effective from | Koha item type |
|---|---|---|---|---|---|---|---|---|---|---|---|---|---|
| Dewey Decimal Classification | Tribhuvan University Central Library | Tribhuvan University Central Library | 01/16/2011 | 923.154 Ag15s | 96861 | 01/16/2011 | 01/16/2011 | General Collections |
